Statistiques concernant Personnages de Mario #2

Cliquez ici pour prendre le quiz!

Statistiques générales

  • Ce quiz a été pris 84 fois
  • Le résultat moyen est 9 sur 15

Statistiques - réponses

HintRéponse% Correct
1Compagnon de DKDiddy Kong
92%
8Roi fantômeRoi Boo
90%
6Dinosaure roseBirdo
86%
11Fille champignonToadette
85%
5Ennemi avec un masqueMaskass
81%
9Protectrice du cosmosHarmonie
77%
7SorcierKamek
74%
4Ennemi chenilleWiggler
71%
2Ennemi qui lance des marteauxFrère marto
64%
3Ennemi semblable à un chienChomp
58%
147 sbires de BowserKoopalings
55%
12Vieillard champignonPapy champi
47%
10"Enfant" de 9Luma
38%
13Ennemi qui tombe du cielThwomp
12%
15Scientifique spécialiste des fantômesElvin Gadd
0%

Distribution des résultats

Percentile par nombre de réponses

% des personnes avec chaque résultat

Votre développement - résultats

Vous n’avez pas pris ce quiz